000 00536nam a2200181Ia 4500
008 151202s9999||||xx |||||||||||||| ||und||
082 _bPNVM-56879
100 _aखिरे जयश्री.
245 _aमोतिया.
260 _b"दिलीपराज प्रकाशन, पुणे."
260 _c1994
300 _a139
600 _aखिरे जयश्री.
630 _aमोतिया.
700 _aखिरे जयश्री.
730 _aमोतिया.
942 _cBOOK
999 _c1323417
_d1323414